000 00224nam a2200097 4500
082 _a517.5YUS
100 _aYusuf, S.M.
245 _aCalculus with Analytical Geometry
260 _aLahore
_bILmi Kitabkhana
_c2013
300 _a529
999 _c13226
_d13226